Meranie chudoby a sociálnej exklúzie na základe štatistického zisťovania EU SILC

Meranie chudoby po vstupe Slovenska do EÚ. Základom merania je štatistické zisťovanie EU SILC, ktoré sa na Slovensku uskutočňuje od roku 2005. Na základe výstupov z jednotlivých rokov je možné porovnávať dosahované výsledky jednotlivých ukazovateľov chudoby a sociálnej exklúzie.

Enregistré dans:
Détails bibliographiques
Auteur principal: Ošková, Silvia, 1979-
Format: Chapitre de livre
Langue:slovaque
Sujets:
Tags: Ajouter un tag
Pas de tags, Soyez le premier à ajouter un tag!

MARC

LEADER 00000nla$a2200000$$$4500
001 0101139
005 20240502072114.8
041 0 |a slo 
044 |a SK 
245 1 0 |a Meranie chudoby a sociálnej exklúzie na základe štatistického zisťovania EU SILC  |c Silvia Ošková 
520 |a Meranie chudoby po vstupe Slovenska do EÚ. Základom merania je štatistické zisťovanie EU SILC, ktoré sa na Slovensku uskutočňuje od roku 2005. Na základe výstupov z jednotlivých rokov je možné porovnávať dosahované výsledky jednotlivých ukazovateľov chudoby a sociálnej exklúzie. 
610 2 0 |a chudoba 
610 2 0 |a meranie 
610 2 0 |a zisťovanie štatistické 
610 2 0 |a Slovensko 
610 2 0 |a Európska únia 
610 2 0 |a vylúčenie sociálne 
610 2 0 |a príjmy 
610 2 0 |a domácnosti 
100 1 |a Ošková, Silvia, 1979-